Estadísticas para Geomorfología en Inglés

Haz click aquí para intentar la prueba.

Estadísticas generales

  • Esta prueba ha sido intentada 43 veces
  • La puntuación promedio es 21 de 25

Estadísticas de respuestas

InglésEspañol% Correcto
desertdesierto
100%
islandisla
100%
lakelago
100%
seamar
100%
mountainmontaña
100%
beachplaya
100%
riverrío
100%
jungleselva / jungla
100%
cavecueva / caverna
97%
volcanovolcán
97%
channelcanal
95%
coastcost
95%
forestbosque
92%
baybahía
89%
canyoncañón
89%
waterfallcascada / catarata / caída / salto
87%
hillcolina / loma / cerro
79%
gulfgolfo
76%
capecabo
66%
plainllanura / planicie
63%
cliffacantilado / precipicio / farallón
61%
swamppantano / ciénaga
53%
reefarrecife
50%
plateaumeseta / altiplano
47%
basincuenca
26%

Distribución de puntuación

Porcentaje por número respondido

Porcentaje de gente con cada puntuación

Historial de tus puntuaciones

No has intentado esta prueba.